01529 a2200253 4500003000500000005001700005010001700022020001800039040000900057082001300066100002000079245007100099260008500170300003500255490005300290505055300343650001800896650004600914651001100960700002500971856010600996856009101102856008201193Nust20170207154044.0 a 2006103090 a9780470097427 cNust00a621.36921 aThyagarajan, K.14aThe fiber optic essentials -(E-BOOK)cK. Thyagarajan, Ajoy Ghatak. a[Piscataway, N.J.] :bIEEE Press ;aHoboken, N.J. :bWiley-Interscience,cc2007. axiii, 242 p. :bill. ;c25 cm.0 aWiley survival guides in engineering and science aIntroduction (Page-1), Light Waves (Page-3), Carrier Wave Communication (Page-17), Optical Fibers (Page-28), Loss In Optical Fibers (Page-55), Pulse Dispersion In Multimode Optical Fibers (Page-70), Pulse Dispersion In Single-Mode Optical Fibers (Page-86), Fiber Optic Communication Systems (Page-100), Erbium-Doped Fiber Amplifiers And Fiber Lasers (Page-125), Raman Fiber Amplifiers (Page-151), Fiber Bragg Gratings (Page-168), Fiber Optic Components (Page-186), Nonlinear Effects In Optical Fibers (Page-205), Optical Fiber Sensors (Page-221). 0aFiber optics. 0aTelecommunications engineering - (E-BOOK) aE-BOOK1 aGhatak, A. K.d1939-413Contributor biographical informationuhttp://www.loc.gov/catdir/enhancements/fy0742/2006103090-b.html413Publisher descriptionuhttp://www.loc.gov/catdir/enhancements/fy0739/2006103090-d.html413Table of contents onlyuhttp://www.loc.gov/catdir/toc/ecip077/2006103090.html